000 01180nam0a22002651 4500
001 rc\2813375
005 20250806210849.0
035 _a(NLR Aleph) 006939182
090 _a37721
_c37721
100 _a20110915d1945 u y0rusy50 ca
101 0 _arus
102 _aRU
105 _ay j |||||
200 1 _aПавлов, как человек, гражданин и ученый
_eСтеногр. лекции, прочит. проф. П. К. Анохиным в лектории по естеств.-науч. вопросам при Раменск. горкоме ВЛКСМ
_fОтдел пропаганды и агитации Центр. ком-та ВЛКСМ
210 _a[Москва]
_cизд. и фабрика юнош. книги изд-ва "Мол. гвардия"
_d1945
215 _a18 с., без обл.
_d20 см.
333 _aНа правах рукописи
700 1 _aАнохин
_bП.К.
_f1898-1974
_gПетр Кузьмич
801 0 _aRU
_bNLR
_gpsbo
801 1 _aRU
_bELAR
_2rusmarc
852 _aNLR
_jАф02 Г-4/31
942 _cBOOK
945 _aРоссийская национальная библиотека
980 _aNB
980 _aBV